| 000 | 00830naa a2200217 a 4500 | ||
|---|---|---|---|
| 001 | 79865 | ||
| 003 | BD-RjUL | ||
| 005 | 20220529115714.0 | ||
| 008 | 220529s1881 ii ||||| |||| 00| 0 ara d | ||
| 035 | _a(BD-RjUL)79865 | ||
| 040 |
_aBD-RjUL _beng _cBD-RjUL |
||
| 041 | _aara | ||
| 082 |
_223 _a492.7 _bJAM 1881 |
||
| 100 | 1 |
_aJarrett, Henry Sullivan = جاريت, هنري سوليفان _93237 |
|
| 245 | 1 | 0 |
_aمنتخب كتاب الف ليلة و ليلة.= Selections from the Alif laylah for the higher standard examination in Arabic for officers in the military & civil services / _cHenry Sullivan Jarrett = هنري سوليفان جاريت |
| 260 |
_aKolkata : _bUrdu Guide press , _c1888 |
||
| 300 |
_a396 p. ; _c20 cm. |
||
| 650 | _aArabic language. | ||
| 650 |
_aArabic language . _vTexts _93238 |
||
| 942 |
_2ddc _cBK |
||
| 999 |
_c79865 _d79865 |
||